Impact of educational level on student's modernity: an exploratory sociological profile (Record no. 70537)

000 -LEADER
fixed length control field 00428pab a2200157 454500
008 - FIXED-LENGTH DATA ELEMENTS--GENERAL INFORMATION
fixed length control field 180718b2006 xxu||||| |||| 00| 0 eng d
100 ## - MAIN ENTRY--PERSONAL NAME
Personal name Sharma, Renu
245 ## - TITLE STATEMENT
Title Impact of educational level on student's modernity: an exploratory sociological profile
260 ## - PUBLICATION, DISTRIBUTION, ETC.
Date of publication, distribution, etc. 2006
300 ## - PHYSICAL DESCRIPTION
Extent p.140-50.
362 ## - DATES OF PUBLICATION AND/OR SEQUENTIAL DESIGNATION
Dates of publication and/or sequential designation Apr
650 ## - SUBJECT ADDED ENTRY--TOPICAL TERM
Topical term or geographic name entry element Students
650 ## - SUBJECT ADDED ENTRY--TOPICAL TERM
Topical term or geographic name entry element Education
773 ## - HOST ITEM ENTRY
Main entry heading Guru Nanak Journal of Sociology
909 ## -
-- 70537
Holdings
Withdrawn status Lost status Damaged status Not for loan Permanent Location Current Location Date acquired Serial Enumeration / chronology Barcode Date last seen Price effective from Koha item type
        Indian Institute of Public Administration Indian Institute of Public Administration 2018-07-19 Volume no: 27, Issue no: 1 AR70997 2018-07-19 2018-07-19 Articles

Powered by Koha